000 00625nam a2200181 4500
001 109454
003 ES-MaACL
005 20230906184839.0
007 t|
008 061121s1954 sp r ||||1| spa d
100 1 _aOlmos y Canalda, Elías.
_986998
245 1 0 _aReivindicación de Alejandro VI
_b: (El Papa Borja) /
_cpor el Ilmo. Sr. D. Elías Olmos Y Canalda ; pórtico del Ilmo. Sr. Barón de San Petrillo.
250 _a7ª ed.
260 _aValencia :
_bSemana Gráfica,
_c1954.
300 _a267 p. lám. I-XVIII ;
_c21 cm.
700 1 _aSan Petrillo, Barón de.
_9102294
852 _aES-MaACL
_jC-10991
_bR.38836
999 _c109454
_d109454